[Event "Belgrade Winter op"]
[Site "Belgrade"]
[Date "2004.01.23"]
[Round "3"]
[White "Sarenac, Ivan"]
[Black "Pavlovic, Dragoljub"]
[Result "0-1"]
[WhiteElo "2076"]
[BlackElo "2245"]
[PlyCount "126"]
[EventDate "2004.01.21"]
[EventType "swiss"]
[EventRounds "9"]
[EventCountry "YUG"]
[SourceTitle "CBM 098 Extra"]
[Source "ChessBase"]
[SourceDate "2004.03.10"]
[SourceVersion "2"]
[SourceVersionDate "2004.03.10"]
[SourceQuality "1"]

1. e4 c5 2. c3 d5 3. exd5 Qxd5 4. d4 Nf6 5. Nf3 e6 6. Be2 cxd4 7. cxd4 Be7 8. Nc3 Qd8 9. Be3 0-0 10. 0-0 Nc6 11. a3 b6 12. Rc1 Bb7 13. b4 Rc8 14. Qb3 a5 15. b5 Nb8 16. Ne5 Nd5 17. Bf3 Nxc3 18. Rxc3 Rxc3 19. Qxc3 Bxf3 20. Nxf3 Nd7 21. Ne5 Nf6 22. a4 Nd5 23. Qc6 Qd6 24. Rc1 f6 25. Qxd6 Bxd6 26. Rc6 Bc7 27. Nd3 Kf7 28. g3 Rd8 29. Kf1 Ke7 30. Ke2 Bd6 31. Kf3 Rd7 32. Nc5 Rc7 33. Rxc7+ Bxc7 34. Nd3 Bd6 35. Bd2 e5 36. Ke4 Ke6 37. dxe5 fxe5 38. f4 Nf6+ 39. Ke3 e4 40. Nb2 Bc5+ 41. Ke2 Kd5 42. h3 Bd4 43. Nd1 Kc4 44. Ne3+ Bxe3 45. Bxe3 Nd5 46. f5 Nc3+ 47. Kd2 Nxa4 48. g4 Kxb5 49. g5 Kc6 50. g6 hxg6 51. fxg6 Kd6 52. Bh6 Ke6 53. Bxg7 Kf5 54. Bd4 Kxg6 55. Ke3 Kf5 56. h4 Nc5 57. Bg7 Ne6 58. Bc3 Nf4 59. Bd4 b5 60. Bb6 Nd5+ 61. Kd4 Nxb6 62. h5 a4 63. h6 Kg6 0-1

[Event "Serbia-chT2"]
[Site "Belgrade"]
[Date "2003.10.02"]
[Round "6"]
[White "Pavlovic, Dragoljub"]
[Black "Vukanovic, Sasa"]
[Result "0-1"]
[WhiteElo "2230"]
[BlackElo "2350"]
[PlyCount "56"]
[EventDate "2003.09.27"]
[EventType "team-tourn"]
[EventRounds "9"]
[EventCountry "YUG"]
[SourceTitle "CBM 096 Extra"]
[Source "ChessBase"]
[SourceDate "2003.10.22"]
[SourceVersion "2"]
[SourceVersionDate "2003.10.20"]
[SourceQuality "1"]

1. d4 Nf6 2. c4 g6 3. g3 Bg7 4. Bg2 d5 5. cxd5 Nxd5 6. e4 Nb6 7. Ne2 c5 8. d5 e6 9. Nbc3 0-0 10. 0-0 Na6 11. h3 h5 12. dxe6 Bxe6 13. Qxd8 Raxd8 14. Bg5 f6 15. Bc1 Bc4 16. Re1 Rfe8 17. Be3 Bf7 18. Rad1 Nc4 19. Bc1 Nb4 20. Nf4 Ne5 21. Nfd5 Ned3 22. Rf1 Nxc1 23. Rxc1 f5 24. Rfd1 fxe4 25. Nxb4 cxb4 26. Nxe4 Bxb2 27. Rxd8 Rxd8 28. Rc7 a5 0-1

[Event "Serbia-chT2"]
[Site "Belgrade"]
[Date "2003.10.01"]
[Round "5"]
[White "Pavlovic, Dragoljub"]
[Black "Cvetkovic, Srdjan"]
[Result "0-1"]
[WhiteElo "2230"]
[BlackElo "2409"]
[PlyCount "61"]
[EventDate "2003.09.27"]
[EventType "team-tourn"]
[EventRounds "9"]
[EventCountry "YUG"]
[SourceTitle "CBM 096 Extra"]
[Source "ChessBase"]
[SourceDate "2003.10.22"]
[SourceVersion "2"]
[SourceVersionDate "2003.10.20"]
[SourceQuality "1"]

1. d4 Nf6 2. c4 e6 3. g3 d5 4. Bg2 Be7 5. Nf3 0-0 6. 0-0 dxc4 7. Qc2 a6 8. a4 Bd7 9. Qxc4 Bc6 10. Bg5 Bd5 11. Qc2 Be4 12. Qd1 h6 13. Bxf6 Bxf6 14. Nc3 Bxf3 15. Bxf3 c6 16. e3 a5 17. Qe2 Na6 18. Rfc1 Rc8 19. Ne4 Be7 20. Nd2 Nb4 21. Nb3 Qb6 22. Qc4 Rfd8 23. Kg2 Qa7 24. Rd1 b6 25. Rac1 Bf6 26. Nd2 Qd7 27. Ne4 Be7 28. Nc3 Qe8 29. Na2 b5 30. Qb3 c5 31. axb5 0-1

[Event "Serbia-chT2"]
[Site "Belgrade"]
[Date "2003.09.30"]
[Round "4"]
[White "Pavlovic, Dragoljub"]
[Black "Milanovic, Danilo"]
[Result "1/2-1/2"]
[WhiteElo "2230"]
[BlackElo "2451"]
[PlyCount "73"]
[EventDate "2003.09.27"]
[EventType "team-tourn"]
[EventRounds "9"]
[EventCountry "YUG"]
[SourceTitle "CBM 096 Extra"]
[Source "ChessBase"]
[SourceDate "2003.10.22"]
[SourceVersion "2"]
[SourceVersionDate "2003.10.20"]
[SourceQuality "1"]

1. d4 Nf6 2. Nf3 c5 3. e3 b6 4. c4 g6 5. Nc3 cxd4 6. exd4 Bg7 7. Be2 0-0 8. 0-0 d5 9. Ne5 Bb7 10. Bf3 Na6 11. Be3 Nc7 12. Rc1 Rb8 13. Nb5 Nd7 14. Nxd7 Qxd7 15. Nxc7 Qxc7 16. cxd5 Qd7 17. Qd3 Rfd8 18. Bf4 Rbc8 19. Rxc8 Rxc8 20. Rd1 b5 21. h3 Rc4 22. Qe3 Bf8 23. b3 Rc8 24. Rc1 Rxc1+ 25. Qxc1 Bxd5 26. Bxd5 Qxd5 27. Qc8 Qxd4 28. Bh6 Qd1+ 29. Kh2 Qd6+ 30. g3 e6 31. Qa8 b4 32. Bxf8 Qxf8 33. Qxa7 Qd6 34. Qb7 g5 35. Qe4 Kg7 36. Qe3 Kg6 37. Kg1 1/2-1/2

[Event "Serbia-chT2"]
[Site "Belgrade"]
[Date "2003.09.28"]
[Round "2"]
[White "Pavlovic, Dragoljub"]
[Black "Aksentijevic, Malisa"]
[Result "1/2-1/2"]
[WhiteElo "2230"]
[BlackElo "2177"]
[PlyCount "106"]
[EventDate "2003.09.27"]
[EventType "team-tourn"]
[EventRounds "9"]
[EventCountry "YUG"]
[SourceTitle "CBM 096 Extra"]
[Source "ChessBase"]
[SourceDate "2003.10.22"]
[SourceVersion "2"]
[SourceVersionDate "2003.10.20"]
[SourceQuality "1"]

1. d4 d5 2. Nf3 Nf6 3. c4 dxc4 4. g3 e6 5. Bg2 Be7 6. 0-0 0-0 7. Qc2 a6 8. a4 Bd7 9. Qxc4 Bc6 10. Bg5 a5 11. Nc3 Na6 12. Bxf6 Bxf6 13. e4 Nb4 14. Rfd1 b6 15. Rac1 Bb7 16. Qe2 g6 17. h4 h5 18. Qe3 Qe7 19. Qf4 Rfd8 20. Qe3 Bg7 21. Bh3 Ba6 22. Bf1 Bxf1 23. Kxf1 c6 24. b3 Rac8 25. e5 Nd5 26. Nxd5 cxd5 27. Rxc8 Rxc8 28. Rc1 Qd7 29. Rc3 Bf8 30. Qc1 Rxc3 31. Qxc3 Bb4 32. Qd3 Qc6 33. Kg2 Kg7 34. Ng5 Be7 35. Nh3 Bb4 36. Qf3 Be7 37. Qd3 Bb4 38. Nf4 Qc3 39. Qxc3 Bxc3 40. Ne2 Bd2 41. Ng1 Bc3 42. Nf3 Kg8 43. Kf1 Kg7 44. Ke2 Kg8 45. Ke3 Kg7 46. Ng1 Be1 47. Ne2 Kg8 48. Nf4 Kg7 49. Nd3 Bc3 50. f3 Kh7 51. Nf4 Kh6 52. Ne2 Be1 53. f4 Kg7 1/2-1/2

[Event "Serbia-chT2"]
[Site "Belgrade"]
[Date "2003.09.27"]
[Round "1"]
[White "Pavlovic, Dragoljub"]
[Black "Grbic, Milorad"]
[Result "0-1"]
[WhiteElo "2230"]
[BlackElo "2293"]
[PlyCount "119"]
[EventDate "2003.09.27"]
[EventType "team-tourn"]
[EventRounds "9"]
[EventCountry "YUG"]
[SourceTitle "CBM 096 Extra"]
[Source "ChessBase"]
[SourceDate "2003.10.22"]
[SourceVersion "2"]
[SourceVersionDate "2003.10.20"]
[SourceQuality "1"]

1. d4 d5 2. Nf3 Nf6 3. c4 c6 4. Nbd2 Bf5 5. g3 h6 6. Bg2 e6 7. 0-0 Bd6 8. Re1 0-0 9. Qb3 Qc7 10. Nh4 Bh7 11. e4 dxe4 12. Nxe4 Nxe4 13. Bxe4 Bxe4 14. Rxe4 b6 15. Rg4 Kh8 16. c5 bxc5 17. dxc5 Be5 18. Nf3 Nd7 19. Nxe5 Qxe5 20. Qe3 Rfd8 21. Rd4 Qf6 22. Bd2 Nxc5 23. Bc3 Qg5 24. f4 Qf5 25. Rad1 Rxd4 26. Qxd4 f6 27. Qd6 Rc8 28. Bd4 Nb7 29. Qd7 Rd8 30. Qxb7 Qc2 31. Re1 Rxd4 32. Qc8+ Kh7 33. Qxe6 Rd2 34. Qe4+ Qxe4 35. Rxe4 Rxb2 36. Ra4 Rb7 37. Kf2 Kg6 38. Ke3 Kf5 39. Kd4 Kg4 40. Kc5 Kh3 41. Kxc6 Rf7 42. f5 Kxh2 43. g4 Kg3 44. Rb4 a5 45. Ra4 Re7 46. Rxa5 Kxg4 47. a4 Re4 48. Ra7 Kxf5 49. a5 g5 50. a6 g4 51. Rb7 Ra4 52. a7 g3 53. Rb5+ Kg6 54. Kb7 h5 55. a8Q Rxa8 56. Kxa8 h4 57. Rb8 Kf5 58. Kb7 g2 59. Rg8 h3 60. Kc6 0-1

[Event "YUG-ch sf"]
[Site "Niska Banja"]
[Date "1996.??.??"]
[Round "1"]
[White "Pavlovic, Dragoljub"]
[Black "Brenjo, Slavisa"]
[Result "0-1"]
[WhiteElo "2320"]
[BlackElo "2425"]
[PlyCount "52"]
[EventDate "1996.??.??"]
[EventType "swiss"]
[EventRounds "11"]
[EventCountry "YUG"]
[SourceTitle "EXT 2002"]
[Source "ChessBase"]
[SourceDate "2001.11.25"]
[SourceVersion "1"]
[SourceVersionDate "2001.11.25"]
[SourceQuality "1"]

1. d4 d5 2. Nf3 c5 3. c4 e6 4. cxd5 exd5 5. g3 Nc6 6. Bg2 Nf6 7. 0-0 Be7 8. Nc3 0-0 9. dxc5 Bxc5 10. Bg5 d4 11. Bxf6 Qxf6 12. Nd5 Qd8 13. Nd2 a6 14. Rc1 Ba7 15. a3 Re8 16. Re1 Bg4 17. Ne4 Re5 18. Nb4 Nxb4 19. axb4 Qe7 20. Nc5 Bxe2 21. Qxd4 a5 22. f4 Re3 23. Rc3 Re6 24. bxa5 Rd8 25. Qf2 Bb5 26. Rec1 Re2 0-1

[Event "YUG-ch sf"]
[Site "Niska Banja"]
[Date "1996.??.??"]
[Round "9"]
[White "Pavlovic, Dragoljub"]
[Black "Carnic, Srdjan"]
[Result "1-0"]
[WhiteElo "2320"]
[BlackElo "2310"]
[PlyCount "71"]
[EventDate "1996.??.??"]
[EventType "swiss"]
[EventRounds "11"]
[EventCountry "YUG"]
[SourceTitle "EXT 2002"]
[Source "ChessBase"]
[SourceDate "2001.11.25"]
[SourceVersion "1"]
[SourceVersionDate "2001.11.25"]
[SourceQuality "1"]

1. d4 d5 2. Nf3 Nf6 3. c4 c6 4. e3 Bf5 5. cxd5 cxd5 6. Qb3 Qc7 7. Bd2 Nc6 8. Bb5 e6 9. Bb4 Bxb4+ 10. Qxb4 Qe7 11. Qxe7+ Kxe7 12. Bxc6 bxc6 13. Nc3 Nd7 14. Na4 Rhc8 15. Rc1 f6 16. Kd2 Rab8 17. b3 Be4 18. Rc3 e5 19. Rhc1 Kd6 20. Ne1 Rb4 21. Nd3 exd4 22. Nxb4 dxc3+ 23. Nxc3 c5 24. Nb5+ Ke6 25. f3 Bg6 26. Nxa7 Rc7 27. Nb5 Rb7 28. Na6 Ke7 29. a4 c4 30. bxc4 dxc4 31. Ra1 Nb6 32. Nac7 Bf7 33. e4 Rb8 34. a5 Rd8+ 35. Kc2 Nc8 36. a6 1-0

[Event "YUG-ch sf"]
[Site "Niska Banja"]
[Date "1996.??.??"]
[Round "11"]
[White "Pavlovic, Dragoljub"]
[Black "Ristic, Nenad"]
[Result "1/2-1/2"]
[WhiteElo "2320"]
[BlackElo "2415"]
[PlyCount "55"]
[EventDate "1996.??.??"]
[EventType "swiss"]
[EventRounds "11"]
[EventCountry "YUG"]
[SourceTitle "EXT 2002"]
[Source "ChessBase"]
[SourceDate "2001.11.25"]
[SourceVersion "1"]
[SourceVersionDate "2001.11.25"]
[SourceQuality "1"]

1. d4 Nf6 2. Nf3 c5 3. e3 g6 4. dxc5 Bg7 5. Nbd2 Qa5 6. a3 Qxc5 7. b4 Qc7 8. Bb2 0-0 9. c4 a5 10. Nd4 Nc6 11. Nb5 Qd8 12. Qb3 axb4 13. axb4 Rxa1+ 14. Bxa1 d5 15. Bxf6 dxc4 16. Bxc4 Bxf6 17. Ne4 Bg7 18. 0-0 Ne5 19. Be2 Be6 20. Qc2 Nc6 21. Rd1 Qb6 22. Qc5 Qxc5 23. Nxc5 Bc8 24. Bf3 Nxb4 25. Bxb7 Bxb7 26. Nxb7 Rb8 27. Rd8+ Rxd8 28. Nxd8 1/2-1/2